000 00547nam a2200181Ia 4500
005 20250423095017.0
008 250422s9999 xx 000 0 und d
020 _a9781118802540
050 _aSF 867 .B64/
100 _aBohmer, Estella
245 0 _aDentistry in rabbits and rodents
260 _aPhiladelphia
260 _bLippincott Williams & Wilkins
260 _c2015
300 _a288 p
650 _a Dentistry--veterinary. Lagomorpha. Rodentia. Tooth Diseases--veterinary. Veterinary Medicine.
942 _cBK
999 _c28967
_d28967